Implementation of building information modeling (BIM) in the construction industry of Pakistan (Record no. 553510)
[ view plain ]
| 000 -LEADER | |
|---|---|
| fixed length control field | 00439nam a22001577a 4500 |
| 082 ## - DEWEY DECIMAL CLASSIFICATION NUMBER | |
| Classification number | T-182 |
| 100 ## - MAIN ENTRY--PERSONAL NAME | |
| Personal name | Imran Yasin |
| 9 (RLIN) | 50751 |
| 110 ## - MAIN ENTRY--CORPORATE NAME | |
| Corporate name or jurisdiction name as entry element | Imran Yasin |
| 9 (RLIN) | 50752 |
| 245 ## - TITLE STATEMENT | |
| Title | Implementation of building information modeling (BIM) in the construction industry of Pakistan |
| 260 ## - PUBLICATION, DISTRIBUTION, ETC. | |
| Place of publication, distribution, etc. | MCE; |
| Name of publisher, distributor, etc. | MCE, |
| Date of publication, distribution, etc. | 2014. |
| 300 ## - PHYSICAL DESCRIPTION | |
| Extent | 58p. |
| Other physical details | ill. |
| Dimensions | 28cm. |
| 500 ## - GENERAL NOTE | |
| General note | Thesis |
| 526 ## - STUDY PROGRAM INFORMATION NOTE | |
| Program name | 0 |
| Interest level | 0 |
| Reading level | 0 |
| Title point value | T_182 |
| 526 ## - STUDY PROGRAM INFORMATION NOTE | |
| Program name | 0 |
| Interest level | 0 |
| Reading level | 0 |
| Title point value | T_182 |
| 942 ## - ADDED ENTRY ELEMENTS (KOHA) | |
| Source of classification or shelving scheme | |
| Koha item type | Book |
| Withdrawn status | Lost status | Source of classification or shelving scheme | Damaged status | Not for loan | Permanent Location | Current Location | Date acquired | Total Checkouts | Full call number | Barcode | Date last seen | Price effective from | Koha item type | Public note |
|---|---|---|---|---|---|---|---|---|---|---|---|---|---|---|
| Military College of Engineering (MCE) | Military College of Engineering (MCE) | 04/02/2015 | T-182 | MCE-T-182 | 04/02/2015 | 04/02/2015 | Book | Thesis | ||||||
| Military College of Engineering (MCE) | Military College of Engineering (MCE) | 11/22/2018 | T-182 | MCE-T-182B | 11/22/2018 | 11/22/2018 | Book |
